Central Library OPAC University of Rajshahi

The agonists : (Record no. 76807)

MARC details
000 -LEADER
fixed length control field 00915nam a2200289 a 4500
001 - CONTROL NUMBER
control field 76807
003 - CONTROL NUMBER IDENTIFIER
rucl marc code BD-RjUL
005 - DATE AND TIME OF LATEST TRANSACTION
control field 20211209082906.0
008 - FIXED-LENGTH DATA ELEMENTS--GENERAL INFORMATION
fixed length control field 200120s1911 enk 00010 eng
035 ## - SYSTEM CONTROL NUMBER
System control number (BD-RjUL)
System control number 705600
040 ## - CATALOGING SOURCE
Original cataloging agency ANL
Language of cataloging eng
Modifying agency ANL
Transcribing agency BD-RjUL
041 ## - LANGUAGE CODE
Language code of text/sound track or separate title eng
082 00 - DEWEY DECIMAL CLASSIFICATION NUMBER
Edition number 19
Classification number 822.912
Author mark and year HEA 1911
100 1# - MAIN ENTRY--PERSONAL NAME
Personal name Hewlett, Maurice,
Dates associated with a name 1861-1923.
9 (RLIN) 237973
245 14 - TITLE STATEMENT
Title The agonists :
Remainder of title a trilogy of God and man /
Statement of responsibility, etc. by Maurice Hewlett.
260 ## - PUBLICATION, DISTRIBUTION, ETC. (IMPRINT)
Place of publication, distribution, etc. London :
Name of publisher, distributor, etc. Macmillan,
Date of publication, distribution, etc. 1911.
300 ## - PHYSICAL DESCRIPTION
Pagination xiii, 235 p. ;
Size 20 cm.
505 0# - FORMATTED CONTENTS NOTE
Formatted contents note Minos, King of Crete.--Ariadne in Naxos.--The death of Hippolytus.
600 00 - SUBJECT ADDED ENTRY--PERSONAL NAME
Personal name Ariadne
Titles and other words associated with a name (Greek mythological character)
650 #0 - SUBJECT ADDED ENTRY--TOPICAL TERM
Topical term or geographic name as entry element Minos (Legendary character)
General subdivision Poetry.
9 (RLIN) 237975
Topical term or geographic name as entry element Hippolytus (Greek mythology)
General subdivision Poetry.
9 (RLIN) 237976
942 ## - ADDED ENTRY ELEMENTS (KOHA)
Source of classification or shelving scheme Dewey Decimal Classification
Koha item type Books
Holdings
Lost status Source of classification or shelving scheme Damaged status Not for loan Collection code Permanent Location Current Location Shelving location Date acquired Total Checkouts Full call number Date last seen Copy number Koha item type
  Dewey Decimal Classification   Not For Loan Non-fiction Central Library, University of Rajshahi Central Library, University of Rajshahi Reading Room 20/01/2020   822.912 HEA 1911 20/01/2020 C-1 Books